Diseño e implementación de estrategias de marketing social media en la Organización Tecnológico Fundasur de la ciudad de Oruro. / (Registro nro. 16158)

Detalles MARC
000 -LEADER
campo de control de longitud fija 01125nam a22003134aa4500
003 - IDENTIFICADOR DE NÚMERO DE CONTROL
campo de control BOFEUTO
005 - FECHA Y HORA DE LA ÚLTIMA TRANSACCIÓN
campo de control 20260512161924.0
008 - DATOS DE LONGITUD FIJA--INFORMACIÓN GENERAL
campo de control de longitud fija 260504t2025 bo gr 000 f spa d
040 ## - FUENTE DE CATALOGACIÓN
Enlace BOFEUTO
Centro catalogador/agencia de origen BOFEUTO
Centro/agencia transcriptor BOFEUTO
041 ## - CÓDIGO DE IDIOMA
Código de lengua del texto/banda sonora o título independiente spa
044 ## - CÓDIGO DEL PAÍS DE LA ENTIDAD EDITORA/PRODUCTORA
Código MARC del país bo
082 ## - NÚMERO DE LA CLASIFICACIÓN DECIMAL DEWEY
Número de clasificación TE6303
Número de ítem M298d
100 ## - ENTRADA PRINCIPAL--NOMBRE DE PERSONA
Nombre de persona Marsical Olmos, Rubén
100 ## - ENTRADA PRINCIPAL--NOMBRE DE PERSONA
Término indicativo de función/relación autor
245 ## - MENCIÓN DEL TÍTULO
Título Diseño e implementación de estrategias de marketing social media en la Organización Tecnológico Fundasur de la ciudad de Oruro. /
245 ## - MENCIÓN DEL TÍTULO
Mención de responsabilidad, etc. Rubén Marsical Olmos, Claudia Gutierréz Ledezma
260 ## - PUBLICACIÓN, DISTRIBUCIÓN, ETC.
Lugar de publicación, distribución, etc. Oruro :
Nombre del editor, distribuidor, etc. s/n,
Fecha de publicación, distribución, etc. 2025.
300 ## - DESCRIPCIÓN FÍSICA
Extensión 141 hojas ;
Otras características físicas gráf, ilus. ;
Dimensiones 28.5 cm.
500 ## - NOTA GENERAL
Nota general Incluye bibliografía, anexos.
502 ## - NOTA DE TESIS
Nota de tesis Trabajo Dirigido, (Licenciatura) -- Universidad Técnica de Oruro, Facultad de Ciencias Económicas, Financieras y Administrativas, Carrera Administración de Empresas, 2025.
650 ## - PUNTO DE ACCESO ADICIONAL DE MATERIA--TÉRMINO DE MATERIA
Término de materia o nombre geográfico como elemento de entrada Administración
653 ## - TÉRMINO DE INDIZACIÓN--NO CONTROLADO
Término no controlado Marketing
653 ## - TÉRMINO DE INDIZACIÓN--NO CONTROLADO
Término no controlado Estrategias
653 ## - TÉRMINO DE INDIZACIÓN--NO CONTROLADO
Término no controlado Implementación
653 ## - TÉRMINO DE INDIZACIÓN--NO CONTROLADO
Término no controlado Organización
700 ## - ENTRADA AGREGADA--NOMBRE PERSONAL
Nombre de persona Gutiérrez Ledezma, Claudia
Término indicativo de función/relación tutor
942 ## - ELEMENTOS DE ENTRADA SECUNDARIOS (KOHA)
Fuente del sistema de clasificación o colocación Clasificación Decimal Dewey
Tipo de ítem Koha Tesis
Suprimir en OPAC No
942 ## - ELEMENTOS DE ENTRADA SECUNDARIOS (KOHA)
Suprimir en OPAC No
Fuente del sistema de clasificación o colocación Clasificación Decimal Dewey
Existencias
Estatus retirado Estado de pérdida Fuente del sistema de clasificación o colocación Estado de daño No para préstamo Biblioteca de origen Biblioteca actual Ubicación en estantería Fecha de adquisición Número de inventario Total de préstamos Signatura topográfica completa Código de barras Visto por última vez Copia número Precio de reemplazo Tipo de ítem Koha
No dañado Disponible Clasificación Decimal Dewey No Dañado Disponible Biblioteca Central Biblioteca Central Tesis 04/05/2026 6303   TE6303/M298d/2025 TE6303 12/05/2026 Ej.1 12/05/2026 Tesis

Biblioteca Central
Dirección: Calle Cochabamba entre 6 de Octubre y Potosí s/n
Teléfono: (591-2)5281707 - 2-52-38450
Contacto: biblioteca.central@gmail.com